00380nam a2200145Ia 4500003000400000005001700004008004100021040001800062041000800080100003600088110002000124245002800144260002000172710004200192OSt20260309155008.0211028s2011 xx 000 0 und d cAIMIT LIBRARY aeng aShetty, Prerana; Roshan.g81770 aSuman, Lasrado. aOnline banking system / aBangalorec2011 aMaventic Innovative solutions Pvt Ltd